Big data analytics : (Record no. 18605)
[ view plain ]
| 000 -LEADER | |
|---|---|
| fixed length control field | 00800cam a22002295i 4500 |
| 001 - CONTROL NUMBER | |
| control field | 18160581 |
| 005 - DATE AND TIME OF LATEST TRANSACTION | |
| control field | 20141112134807.0 |
| 008 - FIXED-LENGTH DATA ELEMENTS--GENERAL INFORMATION | |
| fixed length control field | 140522t2013 xxuak fr 000 0 eng d |
| 010 ## - LIBRARY OF CONGRESS CONTROL NUMBER | |
| LC control number | 2012276305 |
| 020 ## - INTERNATIONAL STANDARD BOOK NUMBER | |
| International Standard Book Number | 9780124173194 |
| 020 ## - INTERNATIONAL STANDARD BOOK NUMBER | |
| International Standard Book Number | 0124173195 |
| 040 ## - CATALOGING SOURCE | |
| Original cataloging agency | BTCTA |
| Language of cataloging | eng |
| Transcribing agency | BTCTA |
| Modifying agency | YDXCP |
| -- | IAD |
| -- | CUI |
| -- | DLC |
| -- | EG-ScBUE |
| 082 00 - DEWEY DECIMAL CLASSIFICATION NUMBER | |
| Edition number | 22 |
| Classification number | 005.74 |
| Item number | LOS |
| 100 1# - MAIN ENTRY--PERSONAL NAME | |
| Personal name | Loshin, David, |
| Dates associated with a name | 1963- |
| 9 (RLIN) | 36501 |
| 245 10 - TITLE STATEMENT | |
| Title | Big data analytics : |
| Remainder of title | from strategic planning to enterprise integration with tools, techniques, NoSQL and graph / |
| Statement of responsibility, etc | David Loshin. |
| 260 ## - PUBLICATION, DISTRIBUTION, ETC. (IMPRINT) | |
| Place of publication, distribution, etc | Waltham, United States : |
| Name of publisher, distributor, etc | Morgan Kaufmann, |
| -- | Elsevier, |
| Date of publication, distribution, etc | c.2013. |
| 300 ## - PHYSICAL DESCRIPTION | |
| Extent | xx, 120 p. : |
| Other physical details | forms, tables ; |
| Dimensions | 23 cm. |
| 650 #0 - SUBJECT ADDED ENTRY--TOPICAL TERM | |
| Topical term or geographic name as entry element | Big data |
| 9 (RLIN) | 36502 |
| 653 ## - INDEX TERM--UNCONTROLLED | |
| Resource For college | Informatics and Computer Science |
| Arrived date list | November2014 |
| 655 ## - INDEX TERM--GENRE/FORM | |
| Form subdivision | |
| -- | 34232 |
| 942 ## - ADDED ENTRY ELEMENTS (KOHA) | |
| Source of classification or shelving scheme | Dewey Decimal Classification |
| Call number prefix | 005.74 LOS |
| Withdrawn status | Item status | Source of classification or shelving scheme | Damaged status | Not for loan | Vendor | Home library | Current library | Shelving location | Date acquired | Source of acquisition | Cost, normal purchase price | Serial Enumeration / chronology | Total Checkouts | Total Renewals | Full call number | Barcode | Checked out | Date last seen | Date last borrowed | Cost, replacement price | Koha item type |
|---|---|---|---|---|---|---|---|---|---|---|---|---|---|---|---|---|---|---|---|---|---|
| Dewey Decimal Classification | Baccah | Central Library | Central Library | Lower Floor | 12/11/2014 | 147.00 | 20677 | 2 | 6 | 005.74 LOS | 000036985 | 28/11/2019 | 01/09/2016 | 01/09/2016 | 183.75 | Book - Borrowing |